000 01234cam a22003014a 4500
999 _c32104
_d32104
001 14311891
003 OSt
005 20170130094946.0
008 060323s2006 maua b 001 0 eng
010 _a 2006010073
020 _a9780072988437 (hard copy : alk. paper)
020 _a0072988436 (hard copy : alk. paper)
040 _aDLC
_cDLC
_dDLC
_dDLC
050 0 0 _aQA76.9.C65
_bL38 2008
082 0 0 _a003/.3
_222
100 1 _aLaw, Averill M.
245 1 0 _aSimulation Modeling and Analysis /
_cAverill M. Law.
260 _aBoston :
_bMcGraw-Hill,
_c2006.
300 _axix, 768 p. :
_bill. ;
_c24 cm.
_e+ 1 CD-ROM (4 3/4 in.)
490 0 _aMcGraw-Hill series in industrial engineering and management science
504 _aIncludes bibliographical references (p. 719-750) and index.
650 0 _aDigital computer simulation.
856 4 1 _3Table of contents only
_uhttp://www.loc.gov/catdir/toc/ecip0611/2006010073.html
856 4 2 _3Publisher description
_uhttp://www.loc.gov/catdir/enhancements/fy0702/2006010073-d.html
906 _a7
_bcbc
_corignew
_d1
_eecip
_f20
_gy-gencatlg
942 _2ddc
_cBK